| 000 | 00472nam a2200157Ia 4500 | ||
|---|---|---|---|
| 003 | OSt | ||
| 005 | 20200610125920.0 | ||
| 008 | 190216s9999||||xx |||||||||||||| ||und|| | ||
| 040 | _coclc | ||
| 082 |
_a915.404 _bPAN/I |
||
| 100 |
_aPanikkassery, Velayudhan _91900 |
||
| 245 | 0 |
_aIbnu Batuta Kanda India / _cVelayudhan Panikkassery |
|
| 260 |
_bCurrent Books, _aKottayam: _c2002. |
||
| 300 | _a281p | ||
| 942 |
_cBK _2ddc _h915.404 _iPAN/I _k915.404 _mPAN/I |
||
| 999 |
_c22734 _d22734 |
||